Znalosti a kreativita - základný potenciál rastu inovácií
Znalosti a ich miesto v modernej organizácii. Základný vzorec úspechu organizácií: inovácie = znalosti + kreativita. Európska únia vo vzťahu ku kreativite a inováciám.
Saved in:
| Main Author: | |
|---|---|
| Format: | Book Chapter |
| Language: | Slovak |
| Subjects: | |
| Tags: |
No Tags, Be the first to tag this record!
|
MARC
| LEADER | 00000nla a2200000 4500 | ||
|---|---|---|---|
| 001 | 0178951 | ||
| 005 | 20190723132442.3 | ||
| 041 | 0 | |a slo | |
| 044 | |a SK | ||
| 245 | 1 | 0 | |a Znalosti a kreativita - základný potenciál rastu inovácií |c Dagmar Kokavcová |
| 520 | |a Znalosti a ich miesto v modernej organizácii. Základný vzorec úspechu organizácií: inovácie = znalosti + kreativita. Európska únia vo vzťahu ku kreativite a inováciám. | ||
| 610 | 2 | 0 | |a vedomosti |
| 610 | 2 | 0 | |a kreativita |
| 610 | 2 | 0 | |a inovácia |
| 610 | 2 | 0 | |a ekonomika kreatívna |
| 100 | 1 | |a Kokavcová, Dagmar | |